000 00468nam a22001937a 4500
003 MPLRDC
005 20220104113816.0
008 210129b ||||| |||| 00| 0 eng d
020 _a978-986-278-612-3
082 _a857.7 MNQ v.1084
100 _a季洁
245 _a幸福转个弯
_c
250 _a再版
260 _a台湾
_b郑媛书房
_c2013
300 _b181
490 _a迷妳裙系列. 1084
650 _a言情小说
942 _cBK
_o857.7 MNQ v.1084
999 _c2529
_d2519